000 00501 a2200181 4500
020 _a0-19-564814-5
040 _aDLC
_bDLC
082 0 _a340.59
100 1 _aFyzee, Asaf Ali Asghar
245 0 0 _aOutlines of Muhammadam law
_cAsaf A. A. Fyzee
250 _a4. ed., [New ed.]
260 _aNew Delhi ;
_bOxford Univ. Press,
_ccop. 1999
300 _axix, 520 s, ;
_c22cm
440 0 _aLaw in India series
440 0 _aOxford India paperbacks
650 7 _aIslamic law
942 _cBK
_k340.59 ASA
_2ddc
999 _c7224
_d7224